| 000 | 01155nam2a2200277 4500 | ||
|---|---|---|---|
| 001 | RU\NLR\bibl\75358 | ||
| 005 | 20250616101444.0 | ||
| 010 |
_a5-86911-107-2 _9100 |
||
| 021 |
_aRU _b1998-50080 _92414 |
||
| 035 | _a(NLR Aleph) 000073548 | ||
| 090 |
_a406703 _c406703 |
||
| 100 | _a20000316d1997 |||y0rusy50 ca | ||
| 101 | 0 | _arus | |
| 102 | _aRU | ||
| 105 | _aa ||||||||| | ||
| 200 | 0 | _aN° 3 | |
| 210 |
_d1997 _aБ. м. |
||
| 215 |
_a168 с. _cил. |
||
| 320 | _aБиблиогр. в конце ст. | ||
| 461 | 0 |
_1001RU\NLR\bibl\87995 _12001#$aУправляемые электрические цепи и электромагнитные поля$vN° 3 _9480459 _cУфа _d1997 _fМ-во общ. и проф. образования Рос. Федерации, Уфим. гос. авиац. техн. ун-т _nУфим. гос. авиац. техн. ун-т _oМежвуз. науч. сб. _tУправляемые электрические цепи и электромагнитные поля _vN° 3 |
|
| 801 | 0 |
_aRU _bNLR _c20000316 _gPSBO |
|
| 801 | 1 |
_aRU _bNLR _c20000316 |
|
| 852 |
_aNLR _j2000-3/3022 |
||
| 942 | _cBOOK | ||
| 980 | _aNB | ||